| 000 | 00964cab a2200313 4500 | ||
|---|---|---|---|
| 001 | WB3006-39 | ||
| 008 | 090401t1994 xxu||||| |||| 00| 0 eng d | ||
| 035 | _a(Sirsi) u67144 | ||
| 041 | _aeng | ||
| 245 | _aIdentification of farm animals | ||
| 260 | _c1994 | ||
| 350 | _a0 | ||
| 490 |
_aMAFF News Release _v(47/94) 9 February 1994 (2) |
||
| 520 | _aNew arrangements for identification and registration of cattle, pigs, sheep and goats are announced as part of the implementation of EC Directive 92/102. | ||
| 650 | _aBOVINE ANIMALS (IDENTIFICATION MARKING AND BREEDING RECORDS) | ||
| 650 | _aCATTLE | ||
| 650 | _aEAR TAGS | ||
| 650 | _aEC LEGISLATION | ||
| 650 | _aGOATS | ||
| 650 | _aIDENTIFICATION | ||
| 650 | _aPROPERTY-RURAL AND NATURAL ASSETS-AGRICULTURAL PROPERTY-LIVESTOCK | ||
| 650 | _aMOVEMENT | ||
| 650 | _aPIGS | ||
| 650 | _aREGISTRATION | ||
| 650 | _aSHEEP | ||
| 690 | _aRURAL PRACTICE | ||
| 942 | _n0 | ||
| 948 | _c04/03/1997 | ||
| 999 |
_c42013 _d42013 |
||